| 000 | 00394nam a22001577a 4500 | ||
|---|---|---|---|
| 020 | _a978935121614-8 | ||
| 082 |
_a823 _bDIC/H |
||
| 100 | _aDICKENS, CHARLES | ||
| 245 |
_aHARD TIMES _bILLUSRATED CLSSICS |
||
| 246 |
_aHARD TIMES _bILLUSRATED CLSSICS |
||
| 260 |
_aDELHI _bBPI INDIA PVT LTD _c2017 |
||
| 300 | _a144 | ||
| 520 | _aILLUSRATED CLSSICS | ||
| 650 | _aILLUSRATED CLSSICS | ||
| 942 | _cBK | ||
| 999 |
_c2820 _d2820 |
||